[Event "Deutsche Ländermeisterschaft 2017"]
[Site "Hannover GER"]
[Date "2017.10.03"]
[Round "5"]
[White "Lange, Jannis"]
[Black "Urban, Konstantin"]
[Result "0-1"]
[Termination "normal"]
[Board "4.2"]
[WhiteElo "1920"]
[BlackElo "2303"]
[WhiteClock "00:01:21"]
[BlackClock "00:14:06"]
[WhiteTeam "Mecklenburg-Vorpommern"]
[BlackTeam "Sachsen"]
[PlyCount "86"]
[WhiteFideId "12993107"]
[BlackFideId "12927511"]
[EventCountry "GER"]
[EventRounds "7"]
[EventType "team-swiss"]
[EventDate "2017.09.29"]

1. e4 {[%clk 1:30:55]} c5 {[%clk 1:30:49]} 2. Nf3 {[%clk 1:31:15]} d6 {[%clk
1:31:01]} 3. Bb5+ {[%clk 1:31:20]} Nd7 {[%clk 1:31:03]} 4. d4 {[%clk 1:30:43]}
cxd4 {[%clk 1:31:02]} 5. Qxd4 {[%clk 1:29:55]} a6 {[%clk 1:28:57]} 6. Bxd7+
{[%clk 1:28:39]} Bxd7 {[%clk 1:29:20]} 7. O-O {[%clk 1:28:54]} e5 {[%clk
1:28:59]} 8. Qd3 {[%clk 1:26:50]} Rc8 {[%clk 1:29:08]} 9. Nc3 {[%clk 1:26:25]}
h6 {[%clk 1:28:33]} 10. Rd1 {[%clk 1:23:19]} Nf6 {[%clk 1:27:35]} 11. h3 {[%clk
1:14:32]} Be7 {[%clk 1:27:19]} 12. a4 {[%clk 1:13:04]} O-O {[%clk 1:25:34]} 13.
Be3 {[%clk 1:10:14]} Qa5 {[%clk 1:18:56]} 14. Nh2 {[%clk 0:53:47]} Rfd8 15. Bd2
{[%clk 0:42:51]} Qc5 {[%clk 1:06:25]} 16. Be3 {[%clk 0:19:08]} Qb4 {[%clk
1:01:24]} 17. Ra3 {[%clk 0:14:03]} Be6 {[%clk 0:55:23]} 18. Nd5 {[%clk
0:13:27]} Bxd5 {[%clk 0:38:33]} 19. exd5 {[%clk 0:13:49]} Qxb2 {[%clk 0:38:22]}
20. Rb3 {[%clk 0:13:07]} Qxc2 {[%clk 0:30:35]} 21. Qxc2 {[%clk 0:12:08]} Rxc2
{[%clk 0:30:55]} 22. Rxb7 {[%clk 0:12:33]} Rd7 {[%clk 0:30:08]} 23. Rb8+ {[%clk
0:12:06]} Kh7 {[%clk 0:25:46]} 24. Ra8 {[%clk 0:12:08]} Ne4 {[%clk 0:25:24]}
25. Rxa6 {[%clk 0:10:08]} Nc3 {[%clk 0:24:38]} 26. Rc6 {[%clk 0:10:03]} Nxd1
{[%clk 0:24:49]} 27. Rxc2 {[%clk 0:10:25]} Nxe3 {[%clk 0:25:16]} 28. fxe3
{[%clk 0:10:44]} Ra7 {[%clk 0:25:37]} 29. Ra2 {[%clk 0:10:17]} e4 {[%clk
0:24:30]} 30. Nf1 {[%clk 0:09:25]} f5 {[%clk 0:23:57]} 31. Nd2 {[%clk 0:07:37]}
Ra5 {[%clk 0:19:43]} 32. Nb3 {[%clk 0:05:28]} Rxd5 {[%clk 0:19:10]} 33. a5
{[%clk 0:05:46]} Bg5 {[%clk 0:18:40]} 34. a6 {[%clk 0:03:08]} Bxe3+ {[%clk
0:19:05]} 35. Kf1 {[%clk 0:03:28]} Ba7 {[%clk 0:18:19]} 36. Na5 {[%clk
0:03:28]} Rd1+ {[%clk 0:17:38]} 37. Ke2 {[%clk 0:03:16]} Rg1 {[%clk 0:17:57]}
38. Ra4 {[%clk 0:03:22]} Rxg2+ {[%clk 0:18:20]} 39. Kd1 {[%clk 0:03:37]} Rg1+
{[%clk 0:14:48]} 40. Ke2 {[%clk 0:03:08]} Rc1 {[%clk 0:13:53]} 41. Nc4 {[%clk
0:03:03]} d5 {[%clk 0:13:45]} 42. Nd6 {[%clk 0:02:38]} f4 {[%clk 0:14:06]} 43.
Nb5 {[%clk 0:01:21]} f3+ 0-1

[Event "Deutsche Ländermeisterschaft 2017"]
[Site "Hannover GER"]
[Date "2017.10.03"]
[Round "5"]
[White "Fromm, Marius"]
[Black "Nguyen, Alex Dac-Vuong"]
[Result "0-1"]
[Termination "normal"]
[Board "4.4"]
[WhiteElo "1876"]
[BlackElo "2131"]
[WhiteClock "00:15:42"]
[BlackClock "00:39:19"]
[WhiteTeam "Mecklenburg-Vorpommern"]
[BlackTeam "Sachsen"]
[PlyCount "101"]
[WhiteFideId "12993190"]
[BlackFideId "12984388"]
[EventCountry "GER"]
[EventRounds "7"]
[EventType "team-swiss"]
[EventDate "2017.09.29"]

1. Nf3 {[%clk 1:30:57]} Nf6 {[%clk 1:30:55]} 2. c4 {[%clk 1:31:17]} c5 {[%clk
1:31:19]} 3. g3 {[%clk 1:31:12]} Nc6 {[%clk 1:31:21]} 4. Bg2 {[%clk 1:31:31]}
d5 {[%clk 1:31:45]} 5. cxd5 {[%clk 1:31:40]} Nxd5 {[%clk 1:32:10]} 6. Nc3
{[%clk 1:31:59]} Nc7 {[%clk 1:32:33]} 7. O-O {[%clk 1:32:16]} e5 {[%clk
1:32:59]} 8. a3 Rb8 {[%clk 1:32:01]} 9. Rb1 {[%clk 1:30:00]} f6 {[%clk
1:30:30]} 10. d3 {[%clk 1:18:42]} Be7 {[%clk 1:30:10]} 11. Be3 {[%clk 1:17:28]}
O-O {[%clk 1:24:59]} 12. b4 {[%clk 1:14:58]} cxb4 {[%clk 1:14:56]} 13. axb4
{[%clk 1:15:16]} Be6 {[%clk 1:14:06]} 14. b5 {[%clk 1:10:26]} Nd4 {[%clk
1:13:57]} 15. Qa4 {[%clk 1:07:44]} Bc5 {[%clk 1:14:16]} 16. Bxd4 {[%clk
1:03:23]} exd4 {[%clk 1:14:20]} 17. Ne4 {[%clk 1:03:44]} Bb6 {[%clk 1:14:37]}
18. Rfc1 {[%clk 1:01:27]} f5 {[%clk 1:08:35]} 19. Nc5 Qd6 {[%clk 1:02:11]} 20.
Nxe6 {[%clk 0:50:20]} Nxe6 {[%clk 1:02:21]} 21. Nd2 {[%clk 0:44:03]} Nc5 {[%clk
1:02:18]} 22. Qb4 {[%clk 0:38:53]} Rfd8 {[%clk 0:52:55]} 23. Nc4 {[%clk
0:36:13]} Qe6 {[%clk 0:50:14]} 24. Rc2 {[%clk 0:31:20]} Rbc8 {[%clk 0:42:13]}
25. Nxb6 {[%clk 0:28:56]} axb6 {[%clk 0:42:16]} 26. Ra1 {[%clk 0:17:35]} Re8
{[%clk 0:33:58]} 27. Qb2 {[%clk 0:12:31]} Qd7 {[%clk 0:25:21]} 28. Rc4 {[%clk
0:10:50]} Rcd8 {[%clk 0:24:00]} 29. Bf3 {[%clk 0:08:58]} g5 {[%clk 0:23:59]}
30. Ra7 {[%clk 0:06:30]} g4 {[%clk 0:23:55]} 31. Bg2 {[%clk 0:06:49]} Qg7
{[%clk 0:22:24]} 32. Qd2 {[%clk 0:06:23]} Re7 {[%clk 0:19:59]} 33. Qa2 {[%clk
0:05:40]} Kh8 {[%clk 0:18:57]} 34. Ra8 {[%clk 0:05:31]} Qf8 {[%clk 0:18:29]}
35. Rxd8 {[%clk 0:05:34]} Qxd8 {[%clk 0:18:54]} 36. Qb2 {[%clk 0:05:41]} Rd7
{[%clk 0:18:30]} 37. Qd2 {[%clk 0:03:24]} Kg7 {[%clk 0:17:50]} 38. Qf4 {[%clk
0:03:34]} Qf6 {[%clk 0:16:46]} 39. h4 {[%clk 0:02:37]} Ne6 {[%clk 0:13:17]} 40.
Qb8 {[%clk 0:01:31]} f4 {[%clk 0:13:06]} 41. Bxb7 fxg3 {[%clk 0:13:08]} 42.
fxg3 {[%clk 0:30:21]} Rf7 {[%clk 0:43:10]} 43. Bg2 {[%clk 0:29:43]} Qf2+ {[%clk
0:43:32]} 44. Kh2 {[%clk 0:29:49]} Qxe2 {[%clk 0:43:42]} 45. Qxb6 {[%clk
0:29:20]} Rf2 {[%clk 0:38:53]} 46. Qb7+ {[%clk 0:28:59]} Kf6 {[%clk 0:38:51]}
47. Qd5 {[%clk 0:24:41]} Qf3 {[%clk 0:38:12]} 48. Qxf3+ {[%clk 0:16:04]} gxf3
{[%clk 0:38:38]} 49. b6 {[%clk 0:15:33]} Rxg2+ {[%clk 0:38:57]} 50. Kh1 {[%clk
0:15:56]} Rb2 {[%clk 0:39:19]} 51. Kg1 {[%clk 0:15:42]} *

[Event "Deutsche Ländermeisterschaft 2017"]
[Site "Hannover GER"]
[Date "2017.10.03"]
[Round "5"]
[White "Lutz, Ruben"]
[Black "Troyke, Jannis"]
[Result "1/2-1/2"]
[Termination "normal"]
[Board "4.5"]
[WhiteElo "1914"]
[BlackElo "1937"]
[WhiteClock "00:23:46"]
[BlackClock "00:07:15"]
[WhiteTeam "Sachsen"]
[BlackTeam "Mecklenburg-Vorpommern"]
[PlyCount "83"]
[WhiteFideId "12975974"]
[BlackFideId "12993115"]
[EventCountry "GER"]
[EventRounds "7"]
[EventType "team-swiss"]
[EventDate "2017.09.29"]

1. d4 {[%clk 1:30:58]} d5 {[%clk 1:30:48]} 2. c4 {[%clk 1:31:21]} c6 {[%clk
1:31:13]} 3. cxd5 {[%clk 1:31:43]} cxd5 {[%clk 1:31:37]} 4. Bf4 {[%clk
1:32:04]} Nc6 {[%clk 1:31:56]} 5. Nc3 {[%clk 1:32:12]} Nf6 {[%clk 1:32:18]} 6.
e3 {[%clk 1:32:30]} a6 {[%clk 1:32:11]} 7. Bd3 {[%clk 1:32:50]} Bg4 {[%clk
1:32:25]} 8. Qb3 {[%clk 1:31:47]} Na5 {[%clk 1:30:49]} 9. Qa4+ {[%clk 1:31:18]}
b5 {[%clk 1:30:42]} 10. Qc2 {[%clk 1:30:32]} Rc8 {[%clk 1:26:12]} 11. a3 {[%clk
1:30:28]} e6 {[%clk 1:25:45]} 12. Nge2 {[%clk 1:30:10]} Be7 {[%clk 1:21:31]}
13. O-O {[%clk 1:29:56]} Bh5 {[%clk 1:20:03]} 14. Be5 {[%clk 1:10:20]} Bg6
{[%clk 1:14:21]} 15. Nf4 {[%clk 1:10:32]} Bxd3 {[%clk 0:59:26]} 16. Nxd3 {[%clk
1:10:48]} O-O {[%clk 0:59:45]} 17. Bxf6 {[%clk 1:07:58]} Bxf6 {[%clk 0:59:31]}
18. b3 Be7 {[%clk 0:52:34]} 19. Rfc1 {[%clk 1:07:48]} Qb6 {[%clk 0:42:00]} 20.
Qb2 {[%clk 1:02:13]} b4 {[%clk 0:40:16]} 21. axb4 {[%clk 1:00:41]} Bxb4 {[%clk
0:40:30]} 22. Na4 {[%clk 1:00:03]} Qb5 {[%clk 0:30:47]} 23. Nxb4 {[%clk
0:56:43]} Qxb4 {[%clk 0:31:06]} 24. Nc5 {[%clk 0:57:08]} Rc6 {[%clk 0:22:14]}
25. Qa3 {[%clk 0:53:10]} Qxa3 {[%clk 0:15:07]} 26. Rxa3 {[%clk 0:53:27]} Nb7
{[%clk 0:14:28]} 27. Rxa6 {[%clk 0:53:49]} Rxa6 {[%clk 0:14:28]} 28. Nxa6
{[%clk 0:54:12]} Na5 {[%clk 0:14:04]} 29. Nc5 {[%clk 0:53:38]} g6 {[%clk
0:13:56]} 30. Ra1 {[%clk 0:52:41]} Nc6 {[%clk 0:13:46]} 31. Kf1 {[%clk
0:52:45]} Kg7 {[%clk 0:11:26]} 32. Ke2 {[%clk 0:51:23]} Rc8 {[%clk 0:11:36]}
33. Kd3 {[%clk 0:50:38]} Kf6 {[%clk 0:10:52]} 34. Kc3 {[%clk 0:50:32]} Ke7
{[%clk 0:08:13]} 35. b4 {[%clk 0:45:02]} Rb8 {[%clk 0:07:21]} 36. Rb1 {[%clk
0:44:22]} Na5 {[%clk 0:07:27]} 37. b5 {[%clk 0:29:48]} Nc4 {[%clk 0:07:47]} 38.
Kb4 {[%clk 0:28:10]} Rxb5+ {[%clk 0:08:01]} 39. Kxb5 {[%clk 0:28:10]} Na3+
{[%clk 0:08:24]} 40. Kb4 {[%clk 0:24:11]} Nxb1 {[%clk 0:08:48]} 41. Nb3 {[%clk
0:24:34]} Kd6 {[%clk 0:07:15]} 42. f3 {[%clk 0:23:46]} 1/2-1/2

[Event "Deutsche Ländermeisterschaft 2017"]
[Site "Hannover GER"]
[Date "2017.10.03"]
[Round "5"]
[White "Großmann, Piet"]
[Black "Simon, Tessa"]
[Result "0-1"]
[Termination "normal"]
[Board "4.6"]
[WhiteElo "1830"]
[BlackElo "1917"]
[WhiteClock "00:19:39"]
[BlackClock "00:24:34"]
[WhiteTeam "Mecklenburg-Vorpommern"]
[BlackTeam "Sachsen"]
[PlyCount "54"]
[WhiteFideId "16234359"]
[BlackFideId "12929395"]
[EventCountry "GER"]
[EventRounds "7"]
[EventType "team-swiss"]
[EventDate "2017.09.29"]

1. e4 {[%clk 1:30:57]} c5 {[%clk 1:30:54]} 2. Nf3 {[%clk 1:31:22]} Nc6 {[%clk
1:31:15]} 3. c3 {[%clk 1:31:47]} Nf6 {[%clk 1:31:28]} 4. e5 {[%clk 1:32:12]}
Nd5 {[%clk 1:31:48]} 5. d4 {[%clk 1:32:38]} cxd4 {[%clk 1:32:07]} 6. cxd4
{[%clk 1:33:01]} d6 {[%clk 1:32:22]} 7. Bc4 {[%clk 1:33:11]} Nb6 {[%clk
1:32:37]} 8. Bb5 {[%clk 1:33:35]} dxe5 {[%clk 1:32:44]} 9. Nxe5 {[%clk
1:33:57]} Bd7 {[%clk 1:32:51]} 10. Bxc6 {[%clk 1:34:11]} Bxc6 {[%clk 1:32:55]}
11. Nxc6 {[%clk 1:34:35]} bxc6 {[%clk 1:33:03]} 12. O-O {[%clk 1:33:13]} g6
{[%clk 1:32:17]} 13. Be3 {[%clk 1:33:24]} Bg7 {[%clk 1:32:18]} 14. Nc3 {[%clk
1:29:44]} O-O {[%clk 1:31:28]} 15. Qf3 {[%clk 1:17:58]} Qd7 {[%clk 1:18:52]}
16. Ne2 {[%clk 1:11:32]} Nd5 {[%clk 1:15:27]} 17. Rac1 {[%clk 1:08:48]} Rab8
{[%clk 1:04:49]} 18. b3 {[%clk 1:04:06]} Rfd8 19. Rc4 {[%clk 0:40:30]} a6
{[%clk 0:25:44]} 20. Rfc1 {[%clk 0:28:00]} Nb4 {[%clk 0:25:34]} 21. a3 {[%clk
0:23:59]} Nd3 {[%clk 0:25:32]} 22. R1c3 {[%clk 0:23:41]} Ne5 {[%clk 0:25:51]}
23. Qe4 {[%clk 0:22:18]} Nxc4 {[%clk 0:26:01]} 24. bxc4 {[%clk 0:21:51]} c5
{[%clk 0:24:20]} 25. Rc1 {[%clk 0:21:54]} cxd4 {[%clk 0:24:29]} 26. Bxd4 {[%clk
0:19:23]} Bxd4 {[%clk 0:24:13]} 27. Nxd4 {[%clk 0:19:39]} Qxd4 {[%clk 0:24:34]}
0-1

[Event "Deutsche Ländermeisterschaft 2017"]
[Site "Hannover GER"]
[Date "2017.10.03"]
[Round "5"]
[White "Könze, Heike"]
[Black "Breß, Amy Charlize"]
[Result "1-0"]
[Termination "normal"]
[Board "4.7"]
[WhiteElo "1775"]
[BlackElo "1602"]
[WhiteClock "01:11:11"]
[BlackClock "00:01:02"]
[WhiteTeam "Sachsen"]
[BlackTeam "Mecklenburg-Vorpommern"]
[PlyCount "71"]
[WhiteFideId "12964476"]
[BlackFideId "16233786"]
[EventCountry "GER"]
[EventRounds "7"]
[EventType "team-swiss"]
[EventDate "2017.09.29"]

1. e4 {[%clk 1:30:53]} c5 {[%clk 1:31:19]} 2. Nf3 {[%clk 1:31:10]} e6 {[%clk
1:31:41]} 3. d4 {[%clk 1:31:26]} cxd4 {[%clk 1:32:03]} 4. Nxd4 {[%clk 1:31:50]}
a6 {[%clk 1:32:20]} 5. Bd3 {[%clk 1:30:24]} Nf6 {[%clk 1:32:17]} 6. O-O {[%clk
1:29:27]} Qc7 {[%clk 1:32:30]} 7. Nc3 {[%clk 1:23:47]} Nc6 {[%clk 1:32:30]} 8.
Nb3 {[%clk 1:21:41]} b5 {[%clk 1:31:22]} 9. a3 {[%clk 1:20:35]} Bb7 {[%clk
1:30:03]} 10. Bd2 {[%clk 1:10:58]} Be7 {[%clk 1:30:11]} 11. f4 {[%clk 1:09:42]}
d6 {[%clk 1:29:46]} 12. Qf3 {[%clk 0:49:37]} O-O {[%clk 1:28:35]} 13. Rae1
{[%clk 0:40:40]} Rfd8 {[%clk 1:27:54]} 14. Qh3 {[%clk 0:36:05]} Bc8 {[%clk
1:23:10]} 15. Kh1 {[%clk 0:18:29]} Rb8 {[%clk 1:16:11]} 16. Nd1 {[%clk
0:08:21]} a5 17. e5 {[%clk 1:14:07]} dxe5 {[%clk 0:05:09]} 18. fxe5 {[%clk
1:14:30]} Rxd3 {[%clk 0:03:30]} 19. Qxd3 {[%clk 1:13:33]} Nxe5 {[%clk 0:03:41]}
20. Rxe5 {[%clk 1:13:45]} Qxe5 {[%clk 0:01:13]} 21. Bf4 {[%clk 1:14:05]} Qd5
{[%clk 0:00:54]} 22. Qxd5 {[%clk 1:13:22]} Nxd5 {[%clk 0:01:14]} 23. Bxb8
{[%clk 1:13:45]} a4 {[%clk 0:01:07]} 24. Nd4 {[%clk 1:13:29]} Bf6 {[%clk
0:01:09]} 25. c3 {[%clk 1:13:46]} e5 {[%clk 0:01:10]} 26. Nxb5 {[%clk 1:13:48]}
Bd7 {[%clk 0:00:46]} 27. Nd6 {[%clk 1:13:40]} Kf8 {[%clk 0:00:58]} 28. Re1
{[%clk 1:12:58]} Nf4 {[%clk 0:00:43]} 29. Ne4 {[%clk 1:12:01]} Ng6 {[%clk
0:00:52]} 30. Nxf6 {[%clk 1:12:17]} gxf6 {[%clk 0:01:12]} 31. Ne3 {[%clk
1:11:49]} Be6 {[%clk 0:01:20]} 32. Rd1 {[%clk 1:11:49]} Ke8 {[%clk 0:01:15]}
33. Nd5 {[%clk 1:11:33]} Bxd5 {[%clk 0:00:49]} 34. Rxd5 {[%clk 1:11:50]} Ke7
{[%clk 0:01:09]} 35. Kg1 {[%clk 1:11:40]} h6 {[%clk 0:01:02]} 36. Ra5 {[%clk
1:11:11]} 1-0

[Event "Deutsche Ländermeisterschaft 2017"]
[Site "Hannover GER"]
[Date "2017.10.03"]
[Round "5"]
[White "Eulitz, Charlotte"]
[Black "Peglau, Mirjam"]
[Result "0-1"]
[Termination "normal"]
[Board "4.8"]
[WhiteElo "1492"]
[BlackElo "1552"]
[WhiteClock "00:26:31"]
[BlackClock "00:38:30"]
[WhiteTeam "Mecklenburg-Vorpommern"]
[BlackTeam "Sachsen"]
[PlyCount "106"]
[WhiteFideId "12964654"]
[BlackFideId "16211138"]
[EventCountry "GER"]
[EventRounds "7"]
[EventType "team-swiss"]
[EventDate "2017.09.29"]

1. e4 {[%clk 1:30:59]} e6 {[%clk 1:30:56]} 2. d4 {[%clk 1:31:21]} d5 {[%clk
1:31:21]} 3. exd5 {[%clk 1:31:33]} exd5 {[%clk 1:31:50]} 4. Bd3 Nc6 {[%clk
1:32:13]} 5. c3 {[%clk 1:27:22]} Bd6 {[%clk 1:32:31]} 6. Ne2 {[%clk 1:24:28]}
Qh4 {[%clk 1:29:59]} 7. Nd2 {[%clk 1:13:49]} Bg4 {[%clk 1:28:34]} 8. h3 {[%clk
1:12:26]} O-O-O {[%clk 1:27:09]} 9. Qc2 {[%clk 1:07:21]} Nge7 {[%clk 1:25:09]}
10. Nb3 {[%clk 0:58:10]} g6 {[%clk 1:19:19]} 11. Be3 {[%clk 0:55:32]} Nf5
{[%clk 1:17:44]} 12. O-O-O {[%clk 0:53:01]} Nxe3 {[%clk 1:16:19]} 13. fxe3
{[%clk 0:53:10]} Bd7 {[%clk 1:15:43]} 14. Rhf1 {[%clk 0:47:22]} f5 {[%clk
1:14:21]} 15. Nf4 {[%clk 0:44:10]} Ne7 16. g3 {[%clk 0:40:32]} Qxg3 {[%clk
1:08:13]} 17. Qe2 {[%clk 0:31:28]} Rde8 {[%clk 1:03:41]} 18. Rg1 {[%clk
0:24:59]} Qh4 {[%clk 1:04:09]} 19. Qf3 {[%clk 0:23:30]} c6 {[%clk 1:03:51]} 20.
c4 {[%clk 0:18:03]} Bxf4 {[%clk 0:57:54]} 21. exf4 {[%clk 0:18:14]} Qf6 {[%clk
0:57:09]} 22. Kb1 {[%clk 0:17:18]} dxc4 {[%clk 0:53:29]} 23. Bxc4 {[%clk
0:17:34]} Be6 {[%clk 0:53:13]} 24. Bxe6+ {[%clk 0:13:49]} Qxe6 {[%clk 0:53:39]}
25. Nc5 {[%clk 0:13:21]} Qd5 {[%clk 0:52:21]} 26. Qa3 {[%clk 0:13:01]} Kb8
{[%clk 0:51:01]} 27. Rg3 {[%clk 0:12:16]} Nc8 {[%clk 0:50:00]} 28. Rb3 {[%clk
0:09:36]} Nb6 {[%clk 0:44:22]} 29. Qb4 {[%clk 0:09:53]} Qf7 {[%clk 0:34:38]}
30. a4 {[%clk 0:08:09]} Re7 {[%clk 0:34:32]} 31. Nd3 {[%clk 0:04:05]} Qc4
{[%clk 0:29:42]} 32. Qd6+ {[%clk 0:03:51]} Rc7 {[%clk 0:28:25]} 33. Rb4 {[%clk
0:03:39]} Qd5 {[%clk 0:28:12]} 34. Qf6 {[%clk 0:02:51]} Qd8 {[%clk 0:26:22]}
35. Qe5 {[%clk 0:02:19]} Nd5 {[%clk 0:26:13]} 36. Rxb7+ {[%clk 0:00:32]} Kxb7
{[%clk 0:25:39]} 37. Nc5+ {[%clk 0:00:58]} Kb8 {[%clk 0:20:58]} 38. Ne6 {[%clk
0:00:46]} Qc8 {[%clk 0:19:00]} 39. Nxc7 {[%clk 0:00:59]} Nxc7 {[%clk 0:19:27]}
40. Rd3 {[%clk 0:01:06]} Ka8 {[%clk 0:17:32]} 41. Rc3 {[%clk 0:30:30]} Re8
{[%clk 0:47:15]} 42. Qg7 {[%clk 0:28:55]} Nd5 {[%clk 0:46:37]} 43. Rc5 {[%clk
0:27:17]} Qb7 {[%clk 0:46:02]} 44. Qh6 {[%clk 0:27:05]} Rb8 {[%clk 0:44:56]}
45. Rc2 {[%clk 0:26:59]} Ne3 {[%clk 0:45:06]} 46. Rf2 {[%clk 0:26:04]} Nd1
{[%clk 0:45:09]} 47. Rc2 {[%clk 0:26:02]} Nxb2 {[%clk 0:45:23]} 48. Kc1 {[%clk
0:26:25]} Nxa4 {[%clk 0:43:22]} 49. Qh4 {[%clk 0:26:24]} Qb1+ {[%clk 0:42:51]}
50. Kd2 {[%clk 0:26:49]} Qb4+ {[%clk 0:42:54]} 51. Kc1 {[%clk 0:26:47]} Nc3
{[%clk 0:38:12]} 52. Qg3 {[%clk 0:26:07]} Qb1+ {[%clk 0:38:15]} 53. Kd2 {[%clk
0:26:31]} Ne4+ {[%clk 0:38:30]} 0-1

[Event "Deutsche Ländermeisterschaft 2017"]
[Site "Hannover GER"]
[Date "2017.10.03"]
[Round "5"]
[White "Weishäutel, Moritz"]
[Black "Bethke, Richard"]
[Result "1-0"]
[Termination "normal"]
[Board "5.1"]
[WhiteElo "2077"]
[BlackElo "2153"]
[WhiteClock "00:09:05"]
[BlackClock "00:45:00"]
[WhiteTeam "Thüringen"]
[BlackTeam "Hessen"]
[PlyCount "97"]
[WhiteFideId "12967300"]
[BlackFideId "12959243"]
[EventCountry "GER"]
[EventRounds "7"]
[EventType "team-swiss"]
[EventDate "2017.09.29"]

1. e4 {[%clk 1:30:57]} c5 {[%clk 1:30:56]} 2. Nf3 {[%clk 1:31:24]} d6 {[%clk
1:31:22]} 3. d4 {[%clk 1:31:50]} cxd4 {[%clk 1:31:49]} 4. Nxd4 {[%clk 1:32:15]}
Nf6 {[%clk 1:32:14]} 5. Nc3 {[%clk 1:32:40]} a6 {[%clk 1:32:39]} 6. Bc4 {[%clk
1:32:38]} e6 {[%clk 1:33:05]} 7. Bb3 {[%clk 1:32:16]} b5 {[%clk 1:33:30]} 8.
O-O {[%clk 1:31:10]} Be7 {[%clk 1:33:49]} 9. f3 {[%clk 1:30:25]} O-O {[%clk
1:33:59]} 10. Be3 {[%clk 1:30:27]} Qc7 {[%clk 1:32:51]} 11. Qe1 {[%clk
1:27:44]} Nc6 {[%clk 1:32:22]} 12. Nxc6 {[%clk 1:22:56]} Qxc6 {[%clk 1:32:44]}
13. a4 {[%clk 1:23:14]} b4 {[%clk 1:31:39]} 14. Ne2 {[%clk 1:22:41]} d5 {[%clk
1:31:02]} 15. Nd4 {[%clk 1:18:47]} Qd6 {[%clk 1:30:17]} 16. exd5 {[%clk
1:07:31]} Nxd5 {[%clk 1:30:40]} 17. Bf2 {[%clk 1:07:46]} Bf6 {[%clk 1:20:17]}
18. Rd1 {[%clk 1:02:38]} Bb7 {[%clk 1:19:40]} 19. c4 {[%clk 0:47:04]} bxc3
{[%clk 1:19:35]} 20. bxc3 {[%clk 0:47:33]} Qe5 {[%clk 1:15:13]} 21. Qd2 {[%clk
0:45:04]} Bg5 22. Qb2 {[%clk 0:41:40]} Rab8 {[%clk 1:09:34]} 23. Rfe1 {[%clk
0:38:46]} Qf6 {[%clk 1:08:12]} 24. Bg3 {[%clk 0:22:59]} Bf4 {[%clk 1:01:05]}
25. c4 {[%clk 0:19:08]} Ne3 {[%clk 0:58:57]} 26. Rd3 {[%clk 0:16:09]} Bxg3
{[%clk 0:57:49]} 27. hxg3 {[%clk 0:15:58]} Nf5 {[%clk 0:57:44]} 28. Qf2 {[%clk
0:16:00]} Nxd4 {[%clk 0:56:30]} 29. Rxd4 {[%clk 0:16:29]} Bxf3 {[%clk 0:56:19]}
30. Rf4 {[%clk 0:16:50]} Qh6 {[%clk 0:53:29]} 31. Rxf3 {[%clk 0:16:33]} Rfd8
{[%clk 0:52:56]} 32. Qe3 {[%clk 0:14:57]} Qh5 {[%clk 0:51:38]} 33. Ref1 {[%clk
0:14:46]} Rd7 {[%clk 0:50:20]} 34. c5 {[%clk 0:14:09]} Re8 {[%clk 0:49:34]} 35.
Bc4 {[%clk 0:10:51]} g5 {[%clk 0:49:07]} 36. Bxa6 {[%clk 0:10:05]} g4 {[%clk
0:47:19]} 37. Rf4 {[%clk 0:10:19]} Rde7 {[%clk 0:46:57]} 38. Bb5 {[%clk
0:09:31]} Rf8 {[%clk 0:47:42]} 39. Rf5 {[%clk 0:08:16]} exf5 {[%clk 0:47:13]}
40. Qxe7 {[%clk 0:08:44]} Qg6 {[%clk 0:47:04]} 41. Qe5 {[%clk 0:08:06]} h5
{[%clk 0:46:12]} 42. Qxf5 {[%clk 0:07:27]} Qh6 {[%clk 0:46:14]} 43. Qf4 {[%clk
0:07:16]} Qg6 {[%clk 0:46:17]} 44. Qf6 {[%clk 0:07:17]} Rc8 {[%clk 0:43:52]}
45. Qxg6+ {[%clk 0:07:43]} fxg6 {[%clk 0:44:15]} 46. c6 {[%clk 0:08:11]} Kg7
{[%clk 0:44:29]} 47. a5 {[%clk 0:08:34]} g5 {[%clk 0:44:46]} 48. a6 {[%clk
0:08:44]} Rc7 {[%clk 0:45:00]} 49. Ra1 {[%clk 0:09:05]} 1-0

[Event "Deutsche Ländermeisterschaft 2017"]
[Site "Hannover GER"]
[Date "2017.10.03"]
[Round "5"]
[White "Weber, Samuel"]
[Black "Philipp, Mathias"]
[Result "1-0"]
[Termination "normal"]
[Board "5.2"]
[WhiteElo "2240"]
[BlackElo "2108"]
[WhiteClock "00:57:07"]
[BlackClock "00:39:42"]
[WhiteTeam "Hessen"]
[BlackTeam "Thüringen"]
[PlyCount "47"]
[WhiteFideId "12924008"]
[BlackFideId "12958883"]
[EventCountry "GER"]
[EventRounds "7"]
[EventType "team-swiss"]
[EventDate "2017.09.29"]

1. e4 {[%clk 1:30:57]} c5 {[%clk 1:30:58]} 2. Nf3 {[%clk 1:29:54]} Nf6 {[%clk
1:31:14]} 3. d3 {[%clk 1:24:51]} d6 {[%clk 1:31:30]} 4. g3 {[%clk 1:24:37]} e5
{[%clk 1:31:31]} 5. Bg2 {[%clk 1:24:21]} g6 {[%clk 1:31:55]} 6. O-O {[%clk
1:24:07]} Bg7 {[%clk 1:32:22]} 7. c3 {[%clk 1:23:20]} Nc6 {[%clk 1:32:30]} 8.
a3 {[%clk 1:22:47]} d5 {[%clk 1:25:29]} 9. exd5 {[%clk 1:18:21]} Nxd5 {[%clk
1:25:48]} 10. Re1 {[%clk 1:18:30]} O-O {[%clk 1:25:44]} 11. Nbd2 {[%clk
1:18:32]} Re8 {[%clk 1:09:29]} 12. Nc4 {[%clk 1:13:36]} b5 {[%clk 1:04:58]} 13.
Ncd2 {[%clk 1:12:49]} Bb7 {[%clk 0:57:52]} 14. Ne4 {[%clk 1:09:32]} Qe7 {[%clk
0:53:35]} 15. Bg5 {[%clk 1:07:05]} f6 {[%clk 0:53:06]} 16. Qb3 {[%clk 1:07:16]}
Rad8 17. Be3 Na5 {[%clk 0:44:50]} 18. Qxb5 {[%clk 1:02:33]} Nxe3 {[%clk
0:45:14]} 19. Rxe3 {[%clk 1:02:47]} Bxe4 {[%clk 0:42:29]} 20. Rxe4 {[%clk
1:01:47]} Nb7 {[%clk 0:42:19]} 21. Ra4 {[%clk 1:02:09]} a5 {[%clk 0:41:39]} 22.
Nd2 {[%clk 1:01:26]} Rb8 {[%clk 0:39:44]} 23. Nc4 {[%clk 0:58:57]} Red8 {[%clk
0:39:42]} 24. Rd1 {[%clk 0:57:07]} 1-0

[Event "Deutsche Ländermeisterschaft 2017"]
[Site "Hannover GER"]
[Date "2017.10.03"]
[Round "5"]
[White "Carnot, Luca"]
[Black "Stork, Oliver"]
[Result "0-1"]
[Termination "normal"]
[Board "5.3"]
[WhiteElo "1968"]
[BlackElo "2175"]
[WhiteClock "01:27:24"]
[BlackClock "01:10:20"]
[WhiteTeam "Thüringen"]
[BlackTeam "Hessen"]
[PlyCount "76"]
[WhiteFideId "12958964"]
[BlackFideId "12955728"]
[EventCountry "GER"]
[EventRounds "7"]
[EventType "team-swiss"]
[EventDate "2017.09.29"]

1. Nf3 Nf6 2. g3 d5 3. Bg2 e6 4. O-O Be7 5. d3 O-O 6. Nbd2 c5 7. e4 Nc6 8. Re1
dxe4 9. dxe4 b6 10. c3 Ba6 11. Qa4 Bb7 12. Nf1 Qc7 13. Bf4 e5 14. Bg5 Nd7 15.
Bd2 a6 16. Ne3 b5 17. Qc2 Rad8 18. Rad1 c4 19. Nd5 Qb8 20. Be3 Bc5 21. Qc1 Qa7
22. Bxc5 Qxc5 23. Qg5 h6 24. Qh4 Nb6 25. Ne3 Na4 26. Rxd8 Rxd8 27. Nf5 Bc8 28.
Qg4 Bxf5 29. exf5 f6 30. Re2 Rd1+ 31. Ne1 Nxb2 32. Qh5 Ne7 33. Bf3 Nd3 34. Qe8+
Kh7 35. Bh5 Rxe1+ 36. Rxe1 Qxf2+ 37. Kh1 Qxe1+ 38. Kg2 Qe4+ 0-1